| 000 | 00656nam a22001457a 4500 | ||
|---|---|---|---|
| 003 | OSt | ||
| 005 | 20160226090437.0 | ||
| 008 | 160226b xxu||||| |||| 00| 0 eng d | ||
| 040 | _cRUA | ||
| 082 | _aVEM SEU 2014 B436 O.1 | ||
| 100 |
_97514 _aSEUN NOV; ស៊ីន នៅ |
||
| 245 | _aPrevalence of gastro-intestinal parasites of cattle in basedth district, kampong speu province, សិក្សាពីកម្រិតរាលដាលនៃបរាសិតក្នុងក្រពះពោះវៀនគោនៅស្រុកបសេដ្ឋ ខេត្តកំពង់ស្ពឹ | ||
| 300 |
_axi,36p. _bill. _c29cm. |
||
| 942 |
_2ddc _cVEM |
||
| 999 |
_c7106 _d7106 |
||